| 000 | 00626nam a2200205 4500 | ||
|---|---|---|---|
| 001 | 123164 | ||
| 003 | ES-MaACL | ||
| 005 | 20250929063158.0 | ||
| 007 | t| | ||
| 008 | 070214s1962 sp r ||||0| spa d | ||
| 100 | 1 |
_aPruvost, Pierre, _d1882-1970 _994090 |
|
| 245 | 1 | 3 |
_aLa cara oscura del sputnik / _cPierre Pruvost ; traducción castellana de Juan Ruiz de Larios. |
| 260 |
_aBarcelona : _bVergara, _c1962. |
||
| 300 |
_a224 p ; _c21 cm. |
||
| 490 | 1 | _aMapamundi | |
| 700 | 1 |
_aRuiz de Larios, Juan. _9100756 |
|
| 830 | 0 |
_aMapamundi _9186580 |
|
| 852 |
_aES-MaACL _jC-22014 _bR.50811 |
||
| 999 |
_c123164 _d123164 |
||